000 00427pab a2200169 454500
008 180718b2009 xxu||||| |||| 00| 0 eng d
100 _aSikligar, P.C.
245 _aThe scheduled caste and scheduled tribes (POA) act 1989: safeguards and implications
260 _c2009
300 _ap.160-75.
362 _aJan-Dec
650 _aTribes
650 _aCaste
773 _aIASSI Quarterly
908 _aN
909 _a86976
999 _c86976
_d86976